Undaunted: (Record no. 183595)

MARC details
000 -LEADER
fixed length control field 00635nam a22001817a 4500
005 - DATE AND TIME OF LATEST TRANSACTION
control field 20211229124543.0
010 ## - LCCN (DPL NO)
LC control number ENG-130746
020 ## - INTERNATIONAL STANDARD BOOK NUMBER
International Standard Book Number 978-93-878-94-990
Terms of availability 299.00
035 ## - SYSTEM CONTROL NUMBER
System control number EN-114278
037 ## - SOURCE OF ACQUISITION
Source of stock number/acquisition DBAD
082 ## - DEWEY DECIMAL CLASSIFICATION NUMBER
Classification number 355.0092
100 ## - MAIN ENTRY--PERSONAL NAME
Personal name Arora, Bhaavna
245 ## - TITLE STATEMENT
Title Undaunted:
Statement of responsibility, etc Lt. Ummer Fayaz of Kashmir/
Remainder of title Lt. Ummer Fayaz of Kashmir
260 ## - PUBLICATION, DISTRIBUTION, ETC. (IMPRINT)
Place of publication, distribution, etc Chennai
Name of publisher, distributor, etc Westland Publications Private Limited
Date of publication, distribution, etc 2003
270 ## - ADDRESS
Address 1st Floor, A Block, East Wing, Plot No. 40, SP Info City, Dr. MGR Salai, Perungudi, Kandanchavadi
City Chennai
Postal code 600096
300 ## - PHYSICAL DESCRIPTION
Extent 232p
Dimensions 20cm(pbk)
942 ## - ADDED ENTRY ELEMENTS (KOHA)
Source of classification or shelving scheme Dewey Decimal Classification
Item type English Books
Classification part 355.00092
Call number suffix ARO
Holdings
Withdrawn status Lost status Not for loan Collection code Home library Current library Date acquired Source of acquisition Cost, normal purchase price Full call number Barcode Copy number Cost, replacement price Koha item type
      Non-fiction Central Library Central Library 29/12/2021 DBAD/PUB 299.00 355.00092 ARO EN-114278 1 299.00 English Books

© Delhi Public Library
Hit Counter
free hit counter